| 000 | 01550nam0a2200373 4500 | ||
|---|---|---|---|
| 001 | RU\NLR\bibl\91494 | ||
| 005 | 20260406055702.0 | ||
| 010 |
_a5-88783-028-Х _910000 |
||
| 021 |
_aRU _b2000-3612 _9179 |
||
| 035 | _a(NLR Aleph) 000089421 | ||
| 090 |
_a501188 _c501188 |
||
| 100 | _a20000609d1999 |||y0rusy50 ca | ||
| 101 | 0 | _arus | |
| 102 | _aRU | ||
| 105 | _aa ||||||||| | ||
| 200 | 1 |
_aСвятой Старец блаженный о. Иаков _fПер. с новогреч. игум. Илии (Жукова) |
|
| 205 | _a3-е изд. | ||
| 210 |
_aСПб. _cНовый город _aПокров-Задорожье _cСвято-Покров. монаш. община _d1999 |
||
| 215 |
_a140,[2] с., [2] л. цв. ил. _cил. _d20 |
||
| 225 | 1 | _aВселенское православие | |
| 300 | _aЗагл. обл.: Блаженный Старец о. Иаков | ||
| 512 | 1 | _aБлаженный Старец о. Иаков | |
| 600 | 1 |
_aЦаликис _bИ. _f1920 _gИаков _92172371 _3RU\NLR\auth\661306691 |
|
| 600 | 0 |
_aИаков _cЦаликис, Иаков _f1920 _92172369 _3RU\NLR\auth\661306690 |
|
| 686 | _aЭ372.14 | ||
| 702 | 0 |
_4570 _8rus _7ca _aИаков _cЦаликис, Иаков _cиеромонах _f1920- _3RU\NLR\auth\7710028 _9119813 |
|
| 702 | 0 |
_4730 _8rus _7ca _aИлия _cЖуков _cигумен _3RU\NLR\auth\779755 _9119565 |
|
| 801 | 0 |
_aRU _bNLR _c20000609 _gPSBO |
|
| 801 | 1 |
_aRU _bNLR _c20000609 |
|
| 852 |
_aNLR _j2000-3/4594 |
||
| 942 | _cBOOK | ||
| 980 | _aNB | ||